Continents by Forest Area Quiz Stats

 Plays Quiz Updated Apr 22, 2020

Support Sporcle.
Go Orange.
Score 0/7 Timer 01:00
56 Plays Today
% Correct
???
99.9%
???
83%
???
56.3%
???
33.1%
???
23.4%
???
21.9%
???
16.2%

You're not logged in!

Compare scores with friends on all Sporcle quizzes.
OR
Log In

From the Vault

Friday and 13: A Love Story

by Derek

Happy Friday the 13th...good luck today.
Remove Ads.
Support Sporcle.
Get the best of Sporcle when you Go Orange. This ad-free experience offers more features, more stats, and more fun while also helping to support Sporcle. Thank you for becoming a member.

Show Comments

Extras

Top Quizzes Today


Score Distribution

Your Account Isn't Verified!

In order to create a playlist on Sporcle, you need to verify the email address you used during registration. Go to your Sporcle Settings to finish the process.

Report this User

Report this user for behavior that violates our Community Guidelines.

Details: